| 000 | 02672cam a2200349 a 4500 | ||
|---|---|---|---|
| 001 | 15772267 | ||
| 003 | USPCAS-E | ||
| 005 | 20180118181411.0 | ||
| 008 | 090611s2009 njuab b 001 0 eng | ||
| 010 | _a 2009023129 | ||
| 020 | _a9780470527566 | ||
| 020 | _a0470527560 | ||
| 035 | _a(OCoLC)ocn317456182 | ||
| 040 |
_aDLC _cDLC _dBTCTA _dC#P _dBWX _dCDX _dVP@ _dYDXCP _dDLC |
||
| 050 | 0 | 0 |
_aTJ808 _b.H44 2009 |
| 082 | 0 | 0 |
_a333.79 _222 _bHEF-G 2009 |
| 100 | 1 |
_aHefner, Robert A., _d1935- |
|
| 245 | 1 | 4 |
_aThe grand energy transition : _bthe rise of energy gases, sustainable life and growth, and the next great economic expansion / _cRobert A. Hefner III. |
| 260 |
_aHoboken, N.J. : _bWiley, _cc2009. |
||
| 300 |
_axvii, 270 p. : _bill., maps ; _c24 cm. |
||
| 502 | _a0 | ||
| 504 | _aIncludes bibliographical references and index. | ||
| 520 | _a"A groundbreaking book on solving our growing energy problems. In this visionary book, leading energy industry executive Robert Hefner puts forth a convincing case about how the world can move beyond its current dependence on oil and toward a new era of clean, renewable energy. Written with the knowledge and authority of a major player in this industry, Hefner relates how misguided government policies and vested industry interests have contributed to our current energy problems and proposes a variety of measures that could encourage the use of natural gas, solar, wind, and hydrogen. Convincingly makes the case that natural gas is the essential bridge fuel to a new era of clean, renewable energy sources. Details how natural gas can help break our oil and coal dependency. Offers a sweeping, historic picture of the world energy situation. Presents a compelling and provocative case that natural gas is key to our short-term energy problems. A well-written and engaging book that mixes personal anecdotes and experiences with insightful analysis, The Grand Energy Transition is a powerful argument about how we can best solve our toughest energy problems"--Provided by publisher. | ||
| 650 | 0 | _aRenewable energy sources. | |
| 650 | 0 | _aEnergy policy. | |
| 856 | 4 | 2 |
_3Publisher description _uhttp://www.loc.gov/catdir/enhancements/fy0913/2009023129-d.html |
| 856 | 4 | 1 |
_3Table of contents only _uhttp://www.loc.gov/catdir/enhancements/fy0913/2009023129-t.html |
| 856 | 4 | 2 |
_3Contributor biographical information _uhttp://www.loc.gov/catdir/enhancements/fy0914/2009023129-b.html |
| 906 |
_a7 _bcbc _corignew _d1 _eecip _f20 _gy-gencatlg |
||
| 942 |
_2ddc _cBK |
||
| 999 |
_c355714 _d355714 |
||